Holstein-fríz bikáktól származó leányok tejtermelése

Elmentve itt :
Bibliográfiai részletek
Szerző: Szőke Endre
További közreműködők: Kiss Ernőné (Témavezető)
Dokumentumtípus: Szakdolgozat
Megjelent: 1998
Kulcsszavak:Tejtermelés
Szarvasmarha-tenyésztés
Tárgyszavak:
Online Access:http://diploma.bibl.u-szeged.hu/100264
LEADER 00746nta a2200229 i 4500
001 dipl100264
005 20220117103940.0
008 211220s1998 hu om 0|| hun d
040 |a SZTE Diploma Repozitórium  |b hun 
041 |a hun 
100 1 |a Szőke Endre 
245 1 0 |a Holstein-fríz bikáktól származó leányok tejtermelése  |h [elektronikus dokumentum] /  |c Endre Szőke 
260 |c 1998 
300 |a 33 
650 4 |a Agrár 
650 4 |a Agricultural sciences 
650 4 |a Animal and Dairy science 
650 4 |a Animal and dairy science 
695 |a Tejtermelés 
695 |a Szarvasmarha-tenyésztés 
700 1 |a Kiss Ernőné  |e ths 
856 4 0 |u http://diploma.bibl.u-szeged.hu/id/eprint/100264/1/1998_szoke_endre.pdf  |z Dokumentum-elérés